000 00477nam a2200145 4500
999 _c512100
_d512100
008 191030b ||||| |||| 00| 0 eng d
100 _aSidhu, Paru Bai
_912879
245 _aThe spatial patterning of the Harappan sites in the Sutlej Yamuna divide
260 _bResearch Journal Social Sciences
300 _a26(1&2), 2018: p.204-217.
650 _aHarappan Civilization
_912880
773 _aResearch Journal Social Sciences
906 _aCivilisation
942 _2ddc
_cAR